Państwa z co najmniej 5 sąsiadami - Statystyki

Ogólne statystyki
  • Ten quiz został rozwiązany 21 razy
    20 od ostatniego zresetowania
  • Średni wynik to 47 z 58
Statystyki odpowiedzi
Państwa (A-Z) Liczba sąsiadów % Poprawnych
Austria 8
100%
Brazylia 10
100%
Chiny 14
100%
Demokratyczna Republika Konga 9
100%
Francja 8
100%
Irak 6
100%
Iran 7
100%
Niemcy 9
100%
Polska 7
100%
Republika Południowej Afryki 6
100%
Republika Konga 5
95%
Rosja 14
95%
Turcja 8
95%
Ukraina 7
95%
Węgry 7
95%
Afganistan 6
89%
Angola 5
89%
Argentyna 5
89%
Bułgaria 5
89%
Indie 7
89%
Niger 7
89%
Tanzania 8
89%
Algieria 7
84%
Białoruś 5
84%
Kazachstan 5
84%
Rumunia 5
84%
Serbia 8
84%
Słowacja 5
84%
Szwajcaria 5
84%
Turkmenistan 5
84%
Uganda 5
84%
Zambia 8
84%
Boliwia 5
79%
Chorwacja 5
79%
Czad 6
79%
Kenia 5
79%
Peru 5
79%
Senegal 5
79%
Sudan 7
79%
Uzbekistan 5
79%
Botswana 5
74%
Etiopia 6
74%
Libia 6
74%
Mozambik 6
74%
Republika Środkowoafrykańska 6
74%
Sudan Południowy 6
74%
Kamerun 6
68%
Mali 7
68%
Hiszpania 5
63%
Laos 5
63%
Mjanma (Birma) 5
63%
Namibia 5
63%
Wybrzeże Kości Słoniowej 5
63%
Burkina Faso 6
58%
Macedonia Północna 5
58%
Syria 5
58%
Azerbejdżan 5
47%
Gwinea 6
47%
Nie znaleziono quizów pasujących do podanych kryteriów
Rozkład punktacji
Procent ludzi z każdym wynikiem
Percentyl według liczby udzielonych odpowiedzi
Twoja historia wyników
Nie rozwiązałeś tego quizu od ostatniego zresetowania